Miasta i wsie w powiecie tarnowskim - Statystyki

Ogólne statystyki
  • Ten quiz został rozwiązany 154 razy
  • Średni wynik to 63 z 185
Statystyki odpowiedzi
Gmina Odpowiedź % Poprawnych
Ciężkowice Ciężkowice
87%
Tuchów Tuchów
83%
Gromnik Gromnik
82%
Ryglice Ryglice
82%
Lisia Góra Lisia Góra
81%
Pleśna Pleśna
81%
Wierzchosławice Wierzchosławice
81%
Żabno Żabno
81%
Skrzyszów Skrzyszów
80%
Radłów Radłów
79%
Wojnicz Wojnicz
79%
Zakliczyn Zakliczyn
79%
RzepiennikStrzyżewski Rzepiennik Strzyżewski
75%
Szerzyny Szerzyny
73%
Tarnów (wiejska) Tarnowiec
64%
Wietrzychowice Wietrzychowice
63%
Tarnów (wiejska) Wola Rzędzińska
60%
Tarnów (wiejska) Koszyce Wielkie
58%
Tarnów (wiejska) Koszyce Małe
57%
Skrzyszów Ładna
55%
Tarnów (wiejska) Poręba Radlna
54%
Wierzchosławice Bogumiłowice
53%
Skrzyszów Szynwałd
53%
Tarnów (wiejska) Zbylitowska Góra
53%
Tarnów (wiejska) Zgłobice
53%
RzepiennikStrzyżewski | Wojnicz Olszyny
52%
RzepiennikStrzyżewski Rzepiennik Biskupi
52%
Skrzyszów Łękawica
51%
Tarnów (wiejska) Zawada
51%
Żabno Nieciecza
50%
Tarnów (wiejska) Radlna
50%
Tuchów Siedliska
50%
Ryglice Zalasowa
50%
Tarnów (wiejska) Łękawka
49%
Wierzchosławice Mikołajowice
48%
Wojnicz Wielka Wieś
48%
Żabno Łęg Tarnowski
47%
Tarnów (wiejska) Nowodworze
47%
Skrzyszów Pogórska Wola
47%
Pleśna Rzuchowa
47%
Gromnik Siemiechów
47%
Gromnik Chojnik
46%
Tuchów Łowczów
46%
Ciężkowice Bogoniowice
45%
Tuchów Jodłówka Tuchowska
45%
Pleśna Łowczówek
44%
Tuchów Karwodrza
43%
Szerzyny Ołpiny
43%
Wierzchosławice Ostrów
43%
Gromnik Rzepiennik Marciszewski
43%
Pleśna Szczepanowice
43%
Lisia Góra Zaczarnie
43%
Wojnicz Łukanowice
42%
Pleśna Świebodzin
42%
Tarnów (wiejska) Biała
41%
Pleśna Lichwin
41%
Żabno Niedomice
41%
Lisia Góra Pawęzów
40%
Tuchów Piotrkowice
40%
Lisia Góra Brzozówka
39%
Wojnicz Isep
38%
Tuchów Lubaszowa
38%
Pleśna Rychwałd
38%
RzepiennikStrzyżewski Rzepiennik Suchy
38%
Lisia Góra Śmigno
38%
Tuchów Zabłędza
38%
Lisia Góra Breń
37%
Tarnów (wiejska) Jodłówka-Wałki
37%
Ciężkowice Kąśna Dolna
37%
Radłów Niwka
37%
Radłów Zabawa
37%
Wierzchosławice Bobrowniki Małe
36%
Tuchów Dąbrówka Tuchowska
36%
Ciężkowice Kąśna Górna
36%
Wierzchosławice Łętowice
36%
Lisia Góra Nowe Żukowice
35%
Wierzchosławice | Wojnicz Rudka
35%
Radłów Biskupice Radłowskie
34%
Ciężkowice Jastrzębia
34%
Gromnik Polichty
34%
Lisia Góra Stare Żukowice
34%
Pleśna Dąbrówka Szczepanowska
33%
Gromnik Golanka
33%
Żabno Ilkowice
33%
Ryglice Lubcza
33%
Zakliczyn Melsztyn
33%
Tuchów Trzemesna
33%
Żabno Bobrowniki Wielkie
32%
Pleśna Janowice
32%
RzepiennikStrzyżewski Turza
32%
Radłów Wola Radłowska
32%
Tarnów (wiejska) Błonie
31%
Ryglice Joniny
31%
Wierzchosławice Komorów
31%
Lisia Góra Łukowa
31%
Lisia Góra Nowa Jastrząbka
31%
Ryglice Bistuszowa
30%
Tuchów Burzyn
30%
Wierzchosławice Kępa Bogumiłowicka
30%
Tuchów Meszna Opacka
30%
Żabno Odporyszów
29%
Żabno Otfinów
29%
Radłów Wał-Ruda
29%
Szerzyny Żurowa
29%
Gromnik Brzozowa
28%
Zakliczyn Jamna
28%
Wojnicz Biadoliny Radłowskie
27%
Ciężkowice Bruśnik
27%
Ryglice Kowalowa
27%
Pleśna Lubinka
27%
Lisia Góra Kobierzyn
26%
Zakliczyn Wróblowice
26%
Ciężkowice Zborowice
26%
Tuchów Buchcice
25%
Zakliczyn Lusławice
25%
Zakliczyn Paleśnica
25%
Wojnicz Zakrzów
25%
Zakliczyn Zawada Lanckorońska
25%
Zakliczyn Faściszowa
24%
Ciężkowice Pławna
24%
Radłów Siedlec
24%
Wojnicz Grabno
23%
Ciężkowice Kipszna
23%
Zakliczyn Bieśnik
22%
Wojnicz Dębina Łętowska
22%
Wojnicz Milówka
22%
Szerzyny Czermna
21%
Zakliczyn Roztoka
21%
Wojnicz Więckowice
21%
Wojnicz Dębina Zakrzowska
20%
Wierzchosławice Gosławice
20%
Wietrzychowice Jadowniki Mokre
20%
Wojnicz Łopoń
20%
Wierzchosławice Sieciechowice
20%
Ryglice Uniszowa
20%
Wietrzychowice Wola Rogowska
20%
Radłów Zdrochec
20%
Ciężkowice Falkowa
19%
Żabno Gorzyce
19%
Radłów Łęka Siedlecka
19%
Wietrzychowice Miechowice Małe
19%
Wietrzychowice Miechowice Wielkie
19%
Ciężkowice Ostrusza
19%
Żabno Pasieka Otfinowska
19%
Zakliczyn Ruda Kameralna
19%
Zakliczyn Słona
19%
Wojnicz Sukmanie
19%
Zakliczyn Filipowice
18%
Radłów Głów
18%
Radłów Marcinkowice
18%
Żabno Siedliszowice
18%
Żabno Sieradza
18%
Zakliczyn Stróże
18%
Ryglice Wola Lubecka
18%
RzepiennikStrzyżewski Kołkówka
17%
Ciężkowice Tursko
17%
Żabno Kłyż
16%
Żabno Podlesie Dębowe
16%
Zakliczyn Wesołów
16%
Zakliczyn Borowa
15%
Żabno Czyżów
15%
Zakliczyn Gwoździec
15%
Ciężkowice Siekierczyna
15%
Szerzyny Swoszowa
15%
Zakliczyn Zdonia
15%
Wietrzychowice Demblin
14%
Zakliczyn Faliszewice
14%
Zakliczyn Wola Stróska
14%
Zakliczyn Charzewice
13%
Żabno Chorążec
13%
Radłów Przybysławice
13%
Zakliczyn Kończyska
12%
Żabno Pierszyce
12%
Pleśna Woźniczna
11%
Radłów Brzeźnica
10%
Radłów Sanoka
10%
Wietrzychowice Sikorzyce
10%
Zakliczyn Olszowa
9%
Zakliczyn Dzierżaniny
8%
Żabno Janikowice
8%
Wietrzychowice Pałuszyce
8%
Żabno Goruszów
6%
Wietrzychowice Nowopole
6%
Nie znaleziono quizów pasujących do podanych kryteriów
Rozkład punktacji
Procent ludzi z każdym wynikiem
Percentyl według liczby udzielonych odpowiedzi
Twoja historia wyników
Nie rozwiązałeś tego quizu